Elements by Letter - P - Statistics

General Stats
  • This quiz has been taken 14 times
  • The average score is 3 of 9
Answer Stats
Picture Answer % Correct
Potassium
100%
Plutonium
62%
Phosphorus
46%
Palladium
31%
Platinum
31%
Polonium
23%
Praseodymium
8%
Promethium
8%
Protactinium
8%
No matching quizzes found
Score Distribution
Percent of People with Each Score
Percentile by Number Answered
Your Score History
You have not taken this quiz